000 01402nam0a22003131 4500
001 rc\553980
005 20250621130924.0
010 _a5-03-001547-7
_91350
035 _a(NLR Aleph) 005789531
090 _a5182012
_c5182012
100 _a20030616d1988 |||y0rusy50 ca
101 0 _arus
102 _aRU
105 _aa |||||||||
200 1 _aГидрогеологическое прогнозирование
_f[Андерсон М.Г., Берт Т.П., Ханкс Р.Дж. и др.]
_gПод ред. М.Г. Андерсона, Т.П. Берта
_gПер. с англ. Г.Е. Денисенко
_gПод ред. Н.М. Фролова
210 _aМ.
_cМир
_d1988
215 _a728, [1] с.
_cил.
_d22
300 _aАвт. указаны на обороте тит. л.
320 _aБиблиогр. в конце разделов
320 _aУказ. имен., предм., геогр.: с. 717-728
320 _aПеревод изд.: Hydrological forecasting (Chichester etc.)
701 1 _aАндерсон
_bМ.Г.
_gМалькольм Г.
702 1 _4340
_7ca
_8rus
_aФролов
_bН. М.
_cд-р геол.-минерал. наук, гидрогеология
_f1927-
_gНиколай Михайлович
_9218402
_3RU\NLR\AUTH\770218458
801 0 _aRU
_bNLR
_gpsbo
801 1 _aRU
_bELAR
_2rusmarc
852 _aNLR
_j88-5/6539
942 _cBOOK
980 _aNB